00642 2200229 4500001002100000005001700021008004100038035002400079082001000103090001700113100002000130245007900150260002600229300003000255500003100285650003700316850001300353980001300366985000600379986001200385999001500397YOGYA-0209000001965320090227023013.0 ind  0010-020900000019653 a612.2 a612.2bEff F aEFFENDI, Hasyim aFisiologi pernafasan dan pathofisiologynyacHasyim Effendi, Yasmeiny Yazir aBandungbAlumnic1980 axii, 128 hlmbilusc21 cm aBibliografi : hlm. 127-128 aKedokteranxFisiologi pernafasan aYOPDYOGB a06-04-06 a1 artrevTM ab000056859